| 000 | 00626nam a2200241Ia 4500 | ||
|---|---|---|---|
| 005 | 20241129104257.0 | ||
| 008 | 241129s9999||||xx |||||||||||||| ||und|| | ||
| 020 | _a9781032132778 | ||
| 037 | _aTextual | ||
| 040 |
_aRTL _beng _cRTL |
||
| 041 |
_aeng _2eng |
||
| 084 |
_aY:1 R3 _qRTL |
||
| 100 |
_aHaenfler Ross _9725569 |
||
| 245 | 0 |
_aSubcultures: The basics _cHaenfler Ross |
|
| 250 | _a2nd | ||
| 260 |
_aUSA _bRoutledge _c2023 |
||
| 300 | _axvi,236p. | ||
| 365 |
_aINR _bRs.1799.58 |
||
| 490 | _aBasics | ||
| 650 |
_aYouth- Case Studies _9725570 |
||
| 942 |
_cTB _hY:1 R3 |
||
| 999 |
_c1225187 _d1225187 |
||